=LDR 00000nam 2200000 4500 =001 INLIS000000000031000 =005 20130612133111 =008 ***********************************ind** =035 ##$$a0010-061300000031000 =041 ##$$a ind =082 ##$$a 813 k =090 ##$$a 813 k, Mar b =100 ##$$a Marta,Dea =245 ##$$a Batas waktu Cinta, Dea Marta =260 ##$$a [s.a] $b Jakarta =300 ##$$a 192 hlm, 18 cm =650 ##$$a Fiksi Indonesia Anak-anak =850 ##$$a NBPNMAT =990 ##$$a 0001/BPAP-NTB/20142014